000
00181 a2200097 4500
020
_a
9788424617332
041
_a
spa
100
_a
Teresa Duran
245
_a
El pavo real
942
_c
K
999
_c
27356
_d
27356